000 00677nam a2200229Ia 4500
003 BUBTL
008 151213s9999 xx 000 0 und d
020 _a81-203-1077-2
082 _a658.8/KOP
100 _aPhilip Kotler & Grey Armstrong
_93026
245 _aPrinciples of marketing
_cPhilip Kotler & Grey Armstrong
250 _a7th
260 _aNew Delhi
_bPrentice hall
_c1997
300 _axvii , 712p . :
_bill . Graph, Table ; 28cm
500 _aIncludes Index
650 _aMarketing
_93027
650 _aMarketing
_93027
700 _aPhilip Kotler & Grey Armstrong
_93026
856 _k0
_l0
_yDownload
942 _2ddc
_cBK
999 _c1047
_d1047